All Formula 2 drivers (2020-2023) - Statistics

General Stats
  • This quiz has been taken 67 times
  • The average score is 23 of 59
Answer Stats
Last season Driver % Correct
2023 Bearman
79%
2021 Piastri
76%
2023 Pourchaire
76%
2023 Fittipaldi
74%
2020 Schumacher
67%
2023 Martins
66%
2022 Sargeant
66%
2023 Vesti
64%
2023 Doohan
62%
2022 Lawson
62%
2020 Tsunoda
62%
2022 Drugovich
59%
2023 Hadjar
59%
2023 Leclerc
59%
2021 Zhou
55%
2023 Hauger
53%
2023 Verschoor
53%
2020 Mazepin
52%
2023 Iwasa
50%
2023 Maini
47%
2023 Maloney
47%
2023 Correa
43%
2023 Daruvala
43%
2021 Shwartzman
43%
2023 Cordeel
41%
2023 Nissany
41%
2022 Vips
41%
2023 Novalak
40%
2022 Armstrong
38%
2023 Boschung
38%
2023 Stanek
36%
2023 Crawford
34%
2020 Ilott
34%
2021 Aitken
33%
2022 Ghiotto
29%
2023 Benavides
26%
2021 Lundgaard
26%
2022 Calderon
24%
2022 Merhi
24%
2022 Hughes
22%
2023 Mason
22%
2021 Ticktum
22%
2022 Sato
21%
2022 Bolukbasi
19%
2022 Caldwell
19%
2022 Zendeli
17%
2022 Beckmann
16%
2020 Deletraz
16%
2020 Gelael
16%
2020 Markelov
16%
2021 Nannini
16%
2020 Piquet
16%
2021 Samaia
16%
2021 Viscaal
16%
2022 Williams
16%
2020 Alesi
14%
2020 Matsushita
14%
2021 Deledda
12%
2021 Petecoff
5%
No matching quizzes found
Score Distribution
Percent of People with Each Score
Percentile by Number Answered
Your Score History
You have not taken this quiz